| 000 | 00452nam a22001577a 4500 | ||
|---|---|---|---|
| 082 |
_a510 _bMAY _cL-2;P-12 |
||
| 100 | 1 |
_aKenneth O, May _938939 |
|
| 245 | 1 | 0 |
_aFundamental mathematics, _cMay, Kenneth O |
| 250 | _a1st ed. | ||
| 260 |
_aCambridge : _bAddion-Wesley Publishing Company, Inc _c[1955] |
||
| 300 |
_a343 p.: _c28 cm. _bill. : |
||
| 526 |
_a0 _b0 _c0 _d510_000000000000000_MAY |
||
| 650 | 0 | _aMathematics | |
| 650 | 0 |
_aMCE _9379 |
|
| 942 |
_2ddc _cBK |
||
| 999 |
_c543543 _d543543 |
||